Marketing (Record no. 806114)

MARC details
000 -LEADER
fixed length control field 00414nam a2200193Ia 4500
008 - FIXED-LENGTH DATA ELEMENTS--GENERAL INFORMATION
fixed length control field 101110s9999 xx 000 0 und d
041 ## - LANGUAGE CODE
Language code of text/sound track or separate title ENGLISH
082 ## - DEWEY DECIMAL CLASSIFICATION NUMBER
Item number SR11338
Classification number 658.8
100 ## - MAIN ENTRY--PERSONAL NAME
Personal name Nair Rajan N.
245 ## - TITLE STATEMENT
Title Marketing
365 ## - TRADE PRICE
Price amount 12.5
520 ## - SUMMARY, ETC.
Summary, etc Commerce
546 ## - LANGUAGE NOTE
Language note ENGLISH
630 ## - SUBJECT ADDED ENTRY--UNIFORM TITLE
Uniform title Marketing
650 ## - SUBJECT ADDED ENTRY--TOPICAL TERM
Topical term or geographic name as entry element Commerce
655 ## - INDEX TERM--GENRE/FORM
Genre/form data or focus term Commerce
730 ## - ADDED ENTRY--UNIFORM TITLE
Uniform title Marketing
942 ## - ADDED ENTRY ELEMENTS (KOHA)
Koha item type Book

No items available.